<?xml version="1.0" encoding="UTF-8"?>
<record
    xmlns:xsi="http://www.w3.org/2001/XMLSchema-instance"
    xsi:schemaLocation="http://www.loc.gov/MARC21/slim http://www.loc.gov/standards/marcxml/schema/MARC21slim.xsd"
    xmlns="http://www.loc.gov/MARC21/slim">

  <leader>01194nam a22002657a 4500</leader>
  <controlfield tag="003">UA-OsUOA</controlfield>
  <controlfield tag="001"> 135893 </controlfield>
  <controlfield tag="007">ta</controlfield>
  <controlfield tag="008">20190223b un ||||| |||| 00| 0 ukr d</controlfield>
  <datafield tag="100" ind1=" " ind2=" ">
    <subfield code="a">&#x42F;&#x43A;&#x438;&#x43C;&#x435;&#x43D;&#x43A;&#x43E; &#x41E;. &#x412;.</subfield>
  </datafield>
  <datafield tag="090" ind1=" " ind2=" ">
    <subfield code="a">82.09(477)</subfield>
    <subfield code="b">&#x42F;45</subfield>
  </datafield>
  <datafield tag="942" ind1=" " ind2=" ">
    <subfield code="c">BK</subfield>
  </datafield>
  <datafield tag="040" ind1=" " ind2=" ">
    <subfield code="a">UA-OsUOA</subfield>
    <subfield code="b">ukr</subfield>
    <subfield code="c">UA-OsUOA</subfield>
    <subfield code="d">UA-OsUOA</subfield>
  </datafield>
  <datafield tag="245" ind1=" " ind2=" ">
    <subfield code="a">&#x41D;&#x430;&#x442;&#x430;&#x43B;&#x44F; &#x420;&#x43E;&#x43C;&#x430;&#x43D;&#x43E;&#x432;&#x438;&#x447;-&#x422;&#x43A;&#x430;&#x447;&#x435;&#x43D;&#x43A;&#x43E; (1884 - 1933). &#x41B;&#x456;&#x442;&#x435;&#x440;&#x430;&#x442;&#x443;&#x440;&#x43D;&#x438;&#x439; &#x43F;&#x43E;&#x440;&#x442;&#x440;&#x435;&#x442;</subfield>
    <subfield code="b">&#x43C;&#x43E;&#x43D;&#x43E;&#x433;&#x440;&#x430;&#x444;&#x456;&#x44F;</subfield>
  </datafield>
  <datafield tag="300" ind1=" " ind2=" ">
    <subfield code="a">227 &#x441;.</subfield>
  </datafield>
  <datafield tag="955" ind1=" " ind2=" ">
    <subfield code="a">1</subfield>
  </datafield>
  <datafield tag="041" ind1=" " ind2=" ">
    <subfield code="a">ukr</subfield>
  </datafield>
  <datafield tag="080" ind1=" " ind2=" ">
    <subfield code="a">82.09(477)</subfield>
  </datafield>
  <datafield tag="020" ind1=" " ind2=" ">
    <subfield code="a">978-617-7446-02-5</subfield>
  </datafield>
  <datafield tag="591" ind1=" " ind2=" ">
    <subfield code="a">&#x42F;&#x43A;&#x438;&#x43C;&#x435;&#x43D;&#x43A;&#x43E; &#x41E;. &#x412;.</subfield>
  </datafield>
  <datafield tag="520" ind1="3" ind2=" ">
    <subfield code="a">&#x417;&#x43C;&#x456;&#x441;&#x442;1. &#x413;&#x435;&#x43D;&#x435;&#x437;&#x430; &#x442;&#x430; &#x435;&#x441;&#x442;&#x435;&#x442;&#x438;&#x447;&#x43D;&#x430; &#x43F;&#x440;&#x438;&#x440;&#x43E;&#x434;&#x430; &#x445;&#x434;&#x43E;&#x436;&#x43D;&#x44C;&#x43E;&#x433;&#x43E; &#x43C;&#x438;&#x441;&#x43B;&#x435;&#x43D;&#x43D;&#x44F; &#x41D;&#x430;&#x442;&#x430;&#x43B;&#x456; &#x420;&#x43E;&#x43C;&#x430;&#x43D;&#x43E;&#x432;&#x438;&#x447;-&#x422;&#x43A;&#x430;&#x447;&#x435;&#x43D;&#x43A;&#x43E;2. &#x41F;&#x440;&#x43E;&#x431;&#x43B;&#x435;&#x43C;&#x430; &#x456; &#x43F;&#x43E;&#x435;&#x442;&#x438;&#x43A;&#x430; &#x43C;&#x430;&#x43B;&#x43E;&#x457; &#x43F;&#x440;&#x43E;&#x437;&#x438; &#x41D;&#x430;&#x442;&#x430;&#x43B;&#x456; &#x420;&#x43E;&#x43C;&#x430;&#x43D;&#x43E;&#x432;&#x438;&#x447;-&#x422;&#x43A;&#x430;&#x447;&#x435;&#x43D;&#x43A;&#x43E;3. &#x425;&#x443;&#x434;&#x43E;&#x436;&#x43D;&#x454; &#x43E;&#x441;&#x44F;&#x433;&#x43D;&#x435;&#x43D;&#x43D;&#x44F; &#x440;&#x430;&#x434;&#x44F;&#x43D;&#x441;&#x44C;&#x43A;&#x43E;&#x457; &#x435;&#x43F;&#x43E;&#x445;&#x438; &#x443; &#x442;&#x432;&#x43E;&#x440;&#x447;&#x43E;&#x441;&#x442;&#x456; &#x41D;&#x430;&#x442;&#x430;&#x43B;&#x456; &#x420;&#x43E;&#x43C;&#x430;&#x43D;&#x43E;&#x432;&#x438;&#x447;-&#x422;&#x43A;&#x430;&#x447;&#x435;&#x43D;&#x43A;&#x43E; 20-&#x445; &#x440;&#x440;. &#x425;&#x425; &#x441;&#x442;.</subfield>
  </datafield>
  <datafield tag="260" ind1=" " ind2=" ">
    <subfield code="a">&#x41A;.</subfield>
    <subfield code="b">&#x41B;&#x43E;&#x433;&#x43E;&#x441;</subfield>
    <subfield code="c">2018</subfield>
  </datafield>
  <datafield tag="650" ind1=" " ind2="7">
    <subfield code="a">82 &#x41B;&#x456;&#x442;&#x435;&#x440;&#x430;&#x442;&#x443;&#x440;&#x430;. &#x41B;&#x456;&#x442;&#x435;&#x440;&#x430;&#x442;&#x443;&#x440;&#x43E;&#x437;&#x43D;&#x430;&#x432;&#x441;&#x442;&#x432;&#x43E;</subfield>
    <subfield code="2">UDC</subfield>
  </datafield>
  <datafield tag="999" ind1=" " ind2=" ">
    <subfield code="c">419526</subfield>
    <subfield code="d">419526</subfield>
  </datafield>
  <datafield tag="952" ind1=" " ind2=" ">
    <subfield code="0">0</subfield>
    <subfield code="1">0</subfield>
    <subfield code="2">udc</subfield>
    <subfield code="4">0</subfield>
    <subfield code="7">0</subfield>
    <subfield code="a">102</subfield>
    <subfield code="b">102</subfield>
    <subfield code="d">2019-02-23</subfield>
    <subfield code="e">9/2019</subfield>
    <subfield code="g">28.00</subfield>
    <subfield code="i">161142</subfield>
    <subfield code="l">0</subfield>
    <subfield code="o">82.09(477) &#x42F;45</subfield>
    <subfield code="p">161142</subfield>
    <subfield code="r">2022-02-09 00:00:00</subfield>
    <subfield code="w">2019-02-23</subfield>
    <subfield code="y">BK</subfield>
  </datafield>
</record>
